[Event "British Rapidplay"]
[Site "Peterborough"]
[Date "2025.03.01"]
[Round "6.20"]
[White "Yu, Rock"]
[Black "Southcott-Moyers, Indy"]
[Result "1/2-1/2"]
[WhiteElo "2048"]
[BlackElo "2227"]
[PlyCount "107"]
[EventDate "2025.03.01"]
[EventType "swiss (rapid)"]
[EventRounds "11"]
[EventCountry "ENG"]
[SourceTitle "BritBase"]
[Source "John Saunders"]
[SourceDate "2025.03.03"]
[SourceVersion "1"]
[SourceVersionDate "2025.03.03"]
[SourceQuality "2"]

1. Nf3 d5 2. g3 b6 3. Bg2 Bb7 4. d4 e6 5. O-O Nf6 6. c4 dxc4 7. Qa4+ Nbd7 8. Qxc4 Be7 9. Nc3 O-O 10. Qd3 c5 11. Rd1 cxd4 12. Qxd4 Bc5 13. Qh4 Qe7 14. a3 Rac8 15. Bg5 Rfd8 16. Rac1 h6 17. Bd2 Nf8 18. Qa4 Bc6 19. Qc2 Ng4 20. Be1 Bb7 21. h3 Nf6 22. b4 Bd6 23. Qb2 Ng6 24. Nb5 Bb8 25. Bc3 a6 26. Bxf6 Qxf6 27. Qxf6 gxf6 28. Rxc8 Rxc8 29. Nbd4 Kg7 30. Nxe6+ Kg8 31. Rd8+ Rxd8 32. Nxd8 Bxf3 33. Bxf3 Ne5 34. Nc6 Nxc6 35. Bxc6 Be5 36. Bb7 Bb2 37. Bxa6 Bxa3 38. b5 Bb4 39. Bb7 Kf8 40. Kg2 Bc3 41. Kf3 Be1 42. Bd5 Bb4 43. Kg4 Be1 44. f4 Kg7 45. e4 Bf2 46. Kf3 Be1 47. Kg4 Bf2 48. h4 Be1 49. Kh3 Bd2 50. Kg2 Be1 51. Kf3 Kf8 52. Kg2 Bd2 53. Kf3 Be1 54. Kg2 1/2-1/2

[Event "British Rapidplay"]
[Site "Peterborough"]
[Date "2025.03.01"]
[Round "6.21"]
[White "Khoury, Theo"]
[Black "Ansari, Athar"]
[Result "1-0"]
[WhiteElo "2164"]
[BlackElo "1954"]
[PlyCount "95"]
[EventDate "2025.03.01"]
[EventType "swiss (rapid)"]
[EventRounds "11"]
[EventCountry "ENG"]
[SourceTitle "BritBase"]
[Source "John Saunders"]
[SourceDate "2025.03.03"]
[SourceVersion "1"]
[SourceVersionDate "2025.03.03"]
[SourceQuality "2"]

1. e4 g6 2. d4 Bg7 3. Nf3 d6 4. c3 Nd7 5. Bd3 e6 6. O-O Ne7 7. Bg5 h6 8. Be3 O-O 9. Re1 Kh7 10. Nbd2 f5 11. Nf1 Nf6 12. Ng3 d5 13. e5 Ne4 14. Bd2 Bd7 15. h4 Nxd2 16. Qxd2 b6 17. a4 c5 18. a5 c4 19. Bc2 bxa5 20. Ra2 Rb8 21. Rea1 Nc6 22. Ba4 Rb7 23. Bxc6 Bxc6 24. Rxa5 Qc7 25. Ne2 Rfb8 26. R5a2 a5 27. Nf4 Qe7 28. Rxa5 Rxb2 29. Qe3 Rb1+ 30. Kh2 Rxa1 31. Rxa1 Rb6 32. g3 Be8 33. Ra8 Bc6 34. Ra5 Be8 35. Rc5 Bf8 36. Ra5 Qb7 37. Ra1 Ra6 38. Qc1 Be7 39. Rxa6 Qxa6 40. Qb2 g5 41. hxg5 hxg5 42. Qb8 gxf4 43. Qxe8 fxg3+ 44. fxg3 Qb7 45. Qf7+ Kh8 46. Kh3 Qc7 47. Ng5 Bd8 48. Qf8# 1-0

[Event "British Rapidplay"]
[Site "Peterborough"]
[Date "2025.03.01"]
[Round "6.22"]
[White "Jermy, Jaden"]
[Black "Fava, Lorenzo"]
[Result "0-1"]
[WhiteElo "2001"]
[BlackElo "2306"]
[PlyCount "100"]
[EventDate "2025.03.01"]
[EventType "swiss (rapid)"]
[EventRounds "11"]
[EventCountry "ENG"]
[SourceTitle "BritBase"]
[Source "John Saunders"]
[SourceDate "2025.03.03"]
[SourceVersion "1"]
[SourceVersionDate "2025.03.03"]
[SourceQuality "2"]

1. d4 g6 2. Nf3 Bg7 3. Bf4 d6 4. e3 Nf6 5. h4 c5 6. c3 cxd4 7. exd4 Bg4 8. Be2 O-O 9. O-O Nc6 10. Nbd2 Re8 11. Bg5 h6 12. Bxf6 Bxf6 13. Ne4 Bg7 14. d5 Bxf3 15. Bxf3 Ne5 16. Be2 Rc8 17. Bb5 Rf8 18. Qe2 f5 19. f4 Ng4 20. Nf2 Nxf2 21. Rxf2 Rc5 22. h5 gxh5 23. Qe6+ Kh8 24. Ba4 Rf6 25. Qe2 Rxd5 26. Re1 e5 27. b4 e4 28. Rd1 Rxd1+ 29. Qxd1 d5 30. Qxh5 Ra6 31. Bb3 Qd7 32. Rd2 Rd6 33. Rc2 b5 34. Kf1 a6 35. Rc1 Rc6 36. a4 d4 37. axb5 axb5 38. c4 d3 39. c5 d2 40. Rd1 Qd3+ 41. Kg1 Qxb3 42. Rxd2 Qe3+ 43. Rf2 Rc8 44. Qxf5 Rf8 45. Qd5 Rxf4 46. Qd8+ Kh7 47. Qd2 Bd4 48. c6 Qxd2 49. c7 Qxf2+ 50. Kh2 Rh4# 0-1

[Event "British Rapidplay"]
[Site "Peterborough"]
[Date "2025.03.01"]
[Round "6.23"]
[White "Martin, Lewis"]
[Black "Hng, Mei-En Emmanuelle"]
[Result "1-0"]
[WhiteElo "2050"]
[BlackElo "2136"]
[PlyCount "81"]
[EventDate "2025.03.01"]
[EventType "swiss (rapid)"]
[EventRounds "11"]
[EventCountry "ENG"]
[SourceTitle "BritBase"]
[Source "John Saunders"]
[SourceDate "2025.03.03"]
[SourceVersion "1"]
[SourceVersionDate "2025.03.03"]
[SourceQuality "2"]

1. e4 d6 2. d4 Nf6 3. Nc3 g6 4. Nf3 Bg7 5. Bc4 O-O 6. Qe2 Nfd7 7. Be3 c6 8. a4 c5 9. O-O Nc6 10. Rad1 cxd4 11. Nxd4 Nde5 12. Bb3 Bd7 13. h3 Na5 14. Ba2 Rc8 15. Bc1 a6 16. f4 Nec6 17. Nxc6 Nxc6 18. f5 Ne5 19. Kh1 b5 20. axb5 axb5 21. Nd5 Bc6 22. Bg5 Bxd5 23. Bxd5 Qc7 24. c3 h6 25. Bc1 Rb8 26. fxg6 Nxg6 27. Qh5 Kh7 28. Rxf7 Rxf7 29. Bxf7 Ne5 30. Be6 Qc5 31. Bf5+ Kg8 32. Bxh6 Nf7 33. Bxg7 Kxg7 34. Qg6+ Kf8 35. Rf1 Qc4 36. Rf2 Qc5 37. Rf3 Ra8 38. Be6 Ra1+ 39. Kh2 Qg1+ 40. Kg3 Qe1+ 41. Kg4 1-0

[Event "British Rapidplay"]
[Site "Peterborough"]
[Date "2025.03.01"]
[Round "6.24"]
[White "Chopra, Manmay"]
[Black "Murawski, Jan"]
[Result "1-0"]
[WhiteElo "2156"]
[BlackElo "2079"]
[PlyCount "109"]
[EventDate "2025.03.01"]
[EventType "swiss (rapid)"]
[EventRounds "11"]
[EventCountry "ENG"]
[SourceTitle "BritBase"]
[Source "John Saunders"]
[SourceDate "2025.03.03"]
[SourceVersion "1"]
[SourceVersionDate "2025.03.03"]
[SourceQuality "2"]

1. Nf3 Nf6 2. g3 d5 3. Bg2 e6 4. O-O Be7 5. d3 c5 6. Nbd2 O-O 7. e4 Nc6 8. Re1 b5 9. e5 Nd7 10. Nf1 Bb7 11. Bf4 Qb6 12. h4 Rfc8 13. Ne3 Qd8 14. h5 h6 15. Ng4 Bf8 16. Qd2 a5 17. c3 a4 18. Rac1 b4 19. cxb4 Nxb4 20. a3 Nc6 21. Bxh6 gxh6 22. Nxh6+ Bxh6 23. Qxh6 Nf8 24. Rxc5 Nd4 25. Qc1 Qe7 26. Rxc8 Rxc8 27. Qf4 Nxf3+ 28. Bxf3 Rc2 29. Re2 Rxe2 30. Bxe2 Bc6 31. Bd1 Nh7 32. Bxa4 Bxa4 33. Qxa4 Qg5 34. h6 Qxh6 35. Qg4+ Kf8 36. f4 Ke8 37. b4 f5 38. exf6 Qxf6 39. Qh5+ Kf8 40. Qxh7 Qa1+ 41. Kg2 Qxa3 42. Qh8+ Kf7 43. Qd4 Qa2+ 44. Kf3 Qb1 45. Kg4 Qd1+ 46. Kg5 Qe1 47. Qa7+ Kg8 48. Qb8+ Kf7 49. Qb7+ Kg8 50. Qc8+ Kg7 51. Qd7+ Kg8 52. Kf6 Qc3+ 53. Kxe6 Qxd3 54. Qxd5 Qxg3 55. Qg5+ 1-0

[Event "British Rapidplay"]
[Site "Peterborough"]
[Date "2025.03.01"]
[Round "6.25"]
[White "White, Stuart A"]
[Black "Hryshchenko, Kamila"]
[Result "1/2-1/2"]
[WhiteElo "2024"]
[BlackElo "2119"]
[PlyCount "155"]
[EventDate "2025.03.01"]
[EventType "swiss (rapid)"]
[EventRounds "11"]
[EventCountry "ENG"]
[SourceTitle "BritBase"]
[Source "John Saunders"]
[SourceDate "2025.03.03"]
[SourceVersion "1"]
[SourceVersionDate "2025.03.03"]
[SourceQuality "2"]

1. c4 d6 2. Nc3 e5 3. g3 Nc6 4. Bg2 g6 5. Nf3 Bg7 6. O-O f5 7. Rb1 Nf6 8. b4 O-O 9. b5 Ne7 10. d3 h6 11. Ba3 Nh5 12. d4 e4 13. Ne1 Be6 14. Qb3 Bxd4 15. Nc2 Be5 16. Rfd1 Nc8 17. Qb4 Nb6 18. c5 Qf6 19. Bb2 Nc4 20. Ba1 dxc5 21. Qxc5 b6 22. Qb4 a5 23. bxa6 c5 24. Qb3 Ne3 25. Nd5 Nxd5 26. Rxd5 Bxa1 27. Rxa1 Qf7 28. Rad1 c4 29. Qb5 Bxd5 30. Rxd5 Nf6 31. Rd6 Rfb8 32. Ne3 c3 33. f3 Rd8 34. Rxb6 Nd5 35. Rb7 Qe6 36. Nxd5 Qxd5 37. Qb6 Qd1+ 38. Kf2 Qd4+ 39. Qxd4 Rxd4 40. Rc7 Rxa6 41. Rxc3 Rxa2 42. fxe4 fxe4 43. Rc6 Kg7 44. Ke3 Raa4 45. Re6 Kf7 46. Rxe4 Rxe4+ 47. Bxe4 Kf6 48. Bd3 Rb4 49. Kf3 h5 50. h4 Rd4 51. Ke3 Rg4 52. Kf3 Ke5 53. Bc2 g5 54. hxg5 Rxg5 55. Bd3 Rg7 56. Bc2 Ra7 57. Bd3 Rf7+ 58. Kg2 Kf6 59. Be4 Rg7 60. Kf2 Kg5 61. Bf3 Rg8 62. Ke3 Rb8 63. Kf2 Rb1 64. Kg2 Rb5 65. Kf2 Kf6 66. Kg2 Rg5 67. Kf2 Ke5 68. Bg2 Kd4 69. Bf3 Kc3 70. Be4 Re5 71. Bd3 Kd2 72. Kf3 Rg5 73. Kf2 Kc3 74. Kf3 Kd4 75. Kf4 Rg4+ 76. Kf3 Ke5 77. Ba6 Rb4 78. Bd3 1/2-1/2

[Event "British Rapidplay"]
[Site "Peterborough"]
[Date "2025.03.01"]
[Round "6.26"]
[White "Harris, Michael"]
[Black "Goh, Jinghan Cameron"]
[Result "1/2-1/2"]
[WhiteElo "2234"]
[BlackElo "2102"]
[PlyCount "41"]
[EventDate "2025.03.01"]
[EventType "swiss (rapid)"]
[EventRounds "11"]
[EventCountry "ENG"]
[SourceTitle "BritBase"]
[Source "John Saunders"]
[SourceDate "2025.03.03"]
[SourceVersion "1"]
[SourceVersionDate "2025.03.03"]
[SourceQuality "2"]

1. d4 Nf6 2. c4 e6 3. Nf3 d5 4. g3 dxc4 5. Qa4+ Nbd7 6. Bg2 c5 7. O-O cxd4 8. Nxd4 Bc5 9. Qxc4 O-O 10. Nc3 a6 11. Rd1 Qc7 12. b4 b5 13. Qb3 Bxd4 14. Rxd4 Bb7 15. Bxb7 Qxb7 16. a4 Rfc8 17. Bb2 Ne5 18. Rad1 h6 19. Rf4 Ng6 20. Rfd4 Ne5 21. Rf4 1/2-1/2

[Event "British Rapidplay"]
[Site "Peterborough"]
[Date "2025.03.01"]
[Round "6.27"]
[White "Siva, Mahadevan"]
[Black "Mokhber-Garcia, Sebastian"]
[Result "1-0"]
[WhiteElo "2369"]
[BlackElo "1908"]
[PlyCount "53"]
[EventDate "2025.03.01"]
[EventType "swiss (rapid)"]
[EventRounds "11"]
[EventCountry "ENG"]
[SourceTitle "BritBase"]
[Source "John Saunders"]
[SourceDate "2025.03.03"]
[SourceVersion "1"]
[SourceVersionDate "2025.03.03"]
[SourceQuality "2"]

1. e4 e5 2. Nf3 Nc6 3. Bb5 Nf6 4. d3 Bc5 5. Nbd2 a6 6. Bxc6 dxc6 7. Nc4 Ng4 8. O-O f6 9. h3 h5 10. c3 b5 11. Na5 Bd7 12. Nb7 Qe7 13. Nxc5 Qxc5 14. a4 Nh6 15. d4 Qd6 16. b3 Nf7 17. axb5 cxb5 18. Ba3 Qc6 19. c4 Qxe4 20. Re1 Qf5 21. dxe5 fxe5 22. Qd5 Rd8 23. Nxe5 Nd6 24. Bxd6 cxd6 25. Nxd7+ Qe5 26. Rxe5+ Kxd7 27. Qb7# 1-0

[Event "British Rapidplay"]
[Site "Peterborough"]
[Date "2025.03.01"]
[Round "6.28"]
[White "Waterfield, Mark"]
[Black "Vaidyanathan, Adithya"]
[Result "1/2-1/2"]
[WhiteElo "1913"]
[BlackElo "2037"]
[PlyCount "121"]
[EventDate "2025.03.01"]
[EventType "swiss (rapid)"]
[EventRounds "11"]
[EventCountry "ENG"]
[SourceTitle "BritBase"]
[Source "John Saunders"]
[SourceDate "2025.03.03"]
[SourceVersion "1"]
[SourceVersionDate "2025.03.03"]
[SourceQuality "2"]

1. e4 c5 2. Nf3 Nc6 3. d4 cxd4 4. Nxd4 g6 5. c4 Bg7 6. Be3 Nf6 7. Nc3 O-O 8. Be2 d6 9. O-O Bd7 10. f3 Nxd4 11. Bxd4 a5 12. Nd5 Nxd5 13. cxd5 b5 14. Bxg7 Kxg7 15. Qd4+ Kg8 16. Rac1 Qb8 17. Rc2 Rc8 18. Rfc1 Rxc2 19. Rxc2 Qb7 20. Kf1 b4 21. f4 a4 22. Rc4 Rb8 23. b3 axb3 24. axb3 Bb5 25. Rc2 Ra8 26. Kf2 f6 27. Qxb4 Qa7+ 28. Kg3 Qe3+ 29. Bf3 Bd3 30. Qd2 Qxd2 31. Rxd2 Bb1 32. Rb2 Bd3 33. Rd2 Bb5 34. Be2 Bd7 35. Rb2 f5 36. e5 Ra5 37. Bc4 Rc5 38. Ra2 Bb5 39. Ra7 Bxc4 40. bxc4 dxe5 41. fxe5 Kf8 42. Ra4 e6 43. dxe6 Rxe5 44. Ra8+ Kg7 45. Ra7+ Kh6 46. e7 Kg5 47. h4+ Kf6 48. Rd7 Kf7 49. Kf3 Ke8 50. Rc7 Re4 51. g3 h6 52. c5 g5 53. hxg5 hxg5 54. c6 Re6 55. Kf2 Rxe7 56. Rxe7+ Kxe7 57. Ke3 Kd6 58. Kd4 Kxc6 59. Ke5 f4 60. gxf4 gxf4 61. Kxf4 1/2-1/2

[Event "British Rapidplay"]
[Site "Peterborough"]
[Date "2025.03.01"]
[Round "6.29"]
[White "Tanmay, Chopra"]
[Black "Sajanani, Vikas"]
[Result "1-0"]
[WhiteElo "2357"]
[BlackElo "1902"]
[PlyCount "81"]
[EventDate "2025.03.01"]
[EventType "swiss (rapid)"]
[EventRounds "11"]
[EventCountry "ENG"]
[SourceTitle "BritBase"]
[Source "John Saunders"]
[SourceDate "2025.03.03"]
[SourceVersion "1"]
[SourceVersionDate "2025.03.03"]
[SourceQuality "2"]

1. d4 Nf6 2. c4 e6 3. Nc3 d5 4. Nf3 c6 5. g3 Bb4 6. Bg2 Ne4 7. Qc2 Qa5 8. Bd2 Nxd2 9. Nxd2 Bd6 10. O-O O-O 11. e4 dxe4 12. c5 Be7 13. Ncxe4 Qd8 14. Nc4 Na6 15. Ned6 Rb8 16. a3 Nc7 17. Rad1 Nd5 18. b4 Bd7 19. Rfe1 b5 20. Ne5 Qc7 21. Ne4 Rfd8 22. h4 Be8 23. Ng5 Nf6 24. Qb3 h6 25. Ngxf7 Bxf7 26. Nxf7 Kxf7 27. Qxe6+ Kf8 28. Bxc6 Qc8 29. Qxe7+ Kg8 30. d5 Qh3 31. d6 Ng4 32. Qe6+ Kh8 33. Bg2 Qh2+ 34. Kf1 Nxf2 35. Rd5 Nh1 36. Bxh1 Rf8+ 37. Rf5 Rxf5+ 38. Qxf5 Qxh1+ 39. Kf2 Qh2+ 40. Kf3 Kg8 41. d7 1-0

[Event "British Rapidplay"]
[Site "Peterborough"]
[Date "2025.03.01"]
[Round "6.30"]
[White "Baer, Bruce L"]
[Black "Deva, Chetan"]
[Result "0-1"]
[WhiteElo "1976"]
[BlackElo "2181"]
[PlyCount "88"]
[EventDate "2025.03.01"]
[EventType "swiss (rapid)"]
[EventRounds "11"]
[EventCountry "ENG"]
[SourceTitle "BritBase"]
[Source "John Saunders"]
[SourceDate "2025.03.03"]
[SourceVersion "1"]
[SourceVersionDate "2025.03.03"]
[SourceQuality "2"]

1. Nf3 e6 2. d3 d5 3. g3 c5 4. Bg2 Nc6 5. O-O Nf6 6. Nbd2 Be7 7. e4 O-O 8. Re1 Rb8 9. e5 Ne8 10. Nf1 b5 11. h4 Nc7 12. h5 f5 13. exf6 Bxf6 14. h6 g6 15. c3 e5 16. N1h2 Qd6 17. d4 cxd4 18. cxd4 e4 19. Bf4 Qe7 20. Rc1 Rb6 21. Qd2 Ne6 22. Rxc6 Rxc6 23. Ne5 Rb6 24. Be3 Bb7 25. Nhg4 Bg5 26. Bxg5 Nxg5 27. Nd7 Qxd7 28. Qxg5 Qf7 29. Re2 Bc8 30. Ne5 Qf6 31. Qxf6 Rbxf6 32. Rc2 g5 33. Rc7 Rxh6 34. Rxa7 Ra6 35. Rc7 Rxa2 36. Nc6 Be6 37. Re7 Bg4 38. Re5 h6 39. Ne7+ Kg7 40. Nxd5 Ra1+ 41. Kh2 Rxf2 42. Ne3 Bf3 43. Rxb5 Re1 44. Rb7+ Kf8 0-1

[Event "British Rapidplay"]
[Site "Peterborough"]
[Date "2025.03.01"]
[Round "6.31"]
[White "Fellowes, Billy"]
[Black "Sasikumar, Srivathsan"]
[Result "1-0"]
[WhiteElo "2203"]
[BlackElo "1868"]
[PlyCount "70"]
[EventDate "2025.03.01"]
[EventType "swiss (rapid)"]
[EventRounds "11"]
[EventCountry "ENG"]
[SourceTitle "BritBase"]
[Source "John Saunders"]
[SourceDate "2025.03.03"]
[SourceVersion "1"]
[SourceVersionDate "2025.03.03"]
[SourceQuality "2"]

1. e4 c5 2. Nf3 Nc6 3. Bb5 e6 4. O-O Nge7 5. c3 a6 6. Ba4 b5 7. Bc2 Ng6 8. d4 cxd4 9. cxd4 d5 10. e5 Be7 11. Nc3 O-O 12. Ne2 Bd7 13. g3 Rc8 14. h4 f6 15. h5 Nh8 16. exf6 Bxf6 17. a3 Qe8 18. Nf4 Nxd4 19. Nxd4 Bxd4 20. h6 Bf6 21. hxg7 Bxg7 22. Bd3 Qf7 23. Nh5 e5 24. Nxg7 Qxg7 25. Qh5 Nf7 26. Bd2 Be6 27. Bb4 Rfe8 28. Bf5 Bxf5 29. Qxf5 Qg6 30. Qf3 e4 31. Qf4 Qg5 32. Rfd1 Qxf4 33. gxf4 Rcd8 34. Rd4 Nh6 35. Rad1 Re6 1-0

[Event "British Rapidplay"]
[Site "Peterborough"]
[Date "2025.03.01"]
[Round "6.32"]
[White "Patel, Zain"]
[Black "McCarthy, Kevin C"]
[Result "1-0"]
[WhiteElo "2079"]
[BlackElo "1944"]
[PlyCount "63"]
[EventDate "2025.03.01"]
[EventType "swiss (rapid)"]
[EventRounds "11"]
[EventCountry "ENG"]
[SourceTitle "BritBase"]
[Source "John Saunders"]
[SourceDate "2025.03.03"]
[SourceVersion "1"]
[SourceVersionDate "2025.03.03"]
[SourceQuality "2"]

1. f4 d5 2. Nf3 c5 3. e3 Nc6 4. b3 Nf6 5. Bb2 Bf5 6. d4 cxd4 7. exd4 e6 8. Bd3 Ne4 9. O-O Bd6 10. Ne5 f6 11. Nxc6 bxc6 12. g4 Bg6 13. f5 Bxh2+ 14. Kxh2 Qd6+ 15. Kh1 Ng3+ 16. Kg2 Nxf1 17. Qxf1 exf5 18. Bxf5 Bxf5 19. Qxf5 O-O 20. Ba3 c5 21. Bxc5 Qc6 22. Bxf8 Rxf8 23. c4 dxc4+ 24. Qf3 Qd6 25. bxc4 Qb4 26. Qe2 Kf7 27. a3 Qa5 28. Nd2 Qc3 29. Re1 Qxa3 30. Qe6+ Kg6 31. Qf5+ Kf7 32. Qd5+ 1-0

[Event "British Rapidplay"]
[Site "Peterborough"]
[Date "2025.03.01"]
[Round "6.33"]
[White "Bramson, Mike"]
[Black "Brett, Andrew R"]
[Result "0-1"]
[WhiteElo "1895"]
[BlackElo "2060"]
[PlyCount "32"]
[EventDate "2025.03.01"]
[EventType "swiss (rapid)"]
[EventRounds "11"]
[EventCountry "ENG"]
[SourceTitle "BritBase"]
[Source "John Saunders"]
[SourceDate "2025.03.03"]
[SourceVersion "1"]
[SourceVersionDate "2025.03.03"]
[SourceQuality "2"]

1. e4 c6 2. d4 d5 3. Nc3 dxe4 4. Bc4 Nf6 5. f3 exf3 6. Nxf3 Bf5 7. O-O e6 8. Ne5 Bg6 9. Be3 Bd6 10. Qe2 O-O 11. Rad1 Bh5 12. g4 Nxg4 13. Nxg4 Qh4 14. Bxe6 fxe6 15. Rxf8+ Bxf8 16. Bf2 Qxg4+ 0-1

[Event "British Rapidplay"]
[Site "Peterborough"]
[Date "2025.03.01"]
[Round "6.34"]
[White "Clarke, James"]
[Black "Keerthi Kumar, Advait"]
[Result "0-1"]
[WhiteElo "1941"]
[BlackElo "1823"]
[PlyCount "152"]
[EventDate "2025.03.01"]
[EventType "swiss (rapid)"]
[EventRounds "11"]
[EventCountry "ENG"]
[SourceTitle "BritBase"]
[Source "John Saunders"]
[SourceDate "2025.03.03"]
[SourceVersion "1"]
[SourceVersionDate "2025.03.03"]
[SourceQuality "2"]

1. e4 c5 2. Nf3 Nf6 3. e5 Nd5 4. Be2 g6 5. O-O Bg7 6. Re1 O-O 7. Nc3 Nxc3 8. dxc3 Nc6 9. Bf4 d5 10. exd6 exd6 11. Bxd6 Re8 12. Bxc5 Qc7 13. Qd6 Qxd6 14. Bxd6 Be6 15. Bb5 Rad8 16. Bxc6 bxc6 17. Be5 Bf8 18. Bf6 Rb8 19. b3 c5 20. c4 Bf5 21. Rxe8 Rxe8 22. Re1 Rc8 23. Re2 Rc6 24. Bc3 Rd6 25. Ne1 h5 26. f3 Bh6 27. Re8+ Bf8 28. Kf2 Bd7 29. Ra8 Ra6 30. a4 f5 31. Nd3 Bc6 32. Rc8 Bd7 33. Rc7 Be8 34. Nxc5 Bxc5+ 35. Rxc5 Re6 36. Rc7 a6 37. Rg7+ Kf8 38. Ra7 Kg8 39. Bd4 Rd6 40. Be3 Re6 41. Rc7 Rd6 42. Ke2 Re6 43. g3 g5 44. Kf2 g4 45. f4 h4 46. gxh4 Rh6 47. Kg3 Re6 48. Bd4 Bc6 49. Be5 Be4 50. c3 Bc2 51. Rb7 Re8 52. a5 Rd8 53. Bd4 Re8 54. c5 Re2 55. h5 Be4 56. Kh4 Bxb7 57. Kg5 Rxh2 58. Kxf5 g3 59. Ke6 Rxh5 60. Kd7 g2 61. Kc7 Rh7+ 62. Kb6 Rd7 63. Bf2 Bd5 64. c6 Rd6 65. Kc5 Rxc6+ 66. Kxd5 Rxc3 67. b4 Rf3 68. Bb6 Rxf4 69. Kc6 Rf6+ 70. Kb7 Rxb6+ 71. Kxb6 g1=Q+ 72. Kxa6 Qg6+ 73. Ka7 Qf7+ 74. Kb8 Qe8+ 75. Kb7 Qb5+ 76. Ka8 Kf7 0-1

[Event "British Rapidplay"]
[Site "Peterborough"]
[Date "2025.03.01"]
[Round "6.35"]
[White "Naylor-Eade, Michael A"]
[Black "Lalic, Susan Kathryn"]
[Result "0-1"]
[WhiteElo "1989"]
[BlackElo "2227"]
[PlyCount "92"]
[EventDate "2025.03.01"]
[EventType "swiss (rapid)"]
[EventRounds "11"]
[EventCountry "ENG"]
[SourceTitle "BritBase"]
[Source "John Saunders"]
[SourceDate "2025.03.03"]
[SourceVersion "1"]
[SourceVersionDate "2025.03.03"]
[SourceQuality "2"]

1. e4 e6 2. d4 d5 3. Nc3 Bb4 4. e5 b6 5. Bb5+ Bd7 6. Bd3 a6 7. Qg4 Bf8 8. Nge2 c5 9. Ng3 cxd4 10. Nh5 g6 11. Bg5 gxh5 12. Qxh5 Be7 13. Bxe7 Nxe7 14. Ne2 Nbc6 15. O-O Qc7 16. f4 O-O-O 17. Rfc1 Kb7 18. c3 dxc3 19. Rxc3 Be8 20. Rac1 Qd7 21. Qh4 Rc8 22. Ra3 Nb4 23. Rxc8 Nxc8 24. Qf6 Rf8 25. Bxh7 Qe7 26. Qg7 Bb5 27. Re3 Qc5 28. Kf2 Nc2 29. Bxc2 Bxe2 30. Kxe2 Qxc2+ 31. Kf3 Qc5 32. Rc3 Qe7 33. h4 Rd8 34. h5 Qf8 35. Qf6 Ne7 36. h6 Ng8 37. Qh4 Nxh6 38. g4 Rc8 39. Rxc8 Kxc8 40. Qf6 Ng8 41. Qg5 Ne7 42. f5 Nc6 43. Qf6 Qe7 44. fxe6 Qxe6 45. Qxe6+ fxe6 46. Kf4 Kd7 0-1

[Event "British Rapidplay"]
[Site "Peterborough"]
[Date "2025.03.01"]
[Round "6.36"]
[White "Yoon, Jacob D"]
[Black "Brocklehurst, Andrew"]
[Result "1-0"]
[WhiteElo "2251"]
[BlackElo "1856"]
[PlyCount "73"]
[EventDate "2025.03.01"]
[EventType "swiss (rapid)"]
[EventRounds "11"]
[EventCountry "ENG"]
[SourceTitle "BritBase"]
[Source "John Saunders"]
[SourceDate "2025.03.03"]
[SourceVersion "1"]
[SourceVersionDate "2025.03.03"]
[SourceQuality "2"]

1. d4 Nf6 2. Nc3 d6 3. e4 g6 4. Be3 Bg7 5. f3 O-O 6. Qd2 e5 7. Nge2 Nc6 8. O-O-O b5 9. g4 b4 10. Nb1 Nxd4 11. Nxd4 exd4 12. Bxd4 c5 13. Be3 Bxg4 14. fxg4 Nxg4 15. Bg5 Qa5 16. Bc4 Ne5 17. Qd5 Nf3 18. Bf4 Rad8 19. Nd2 Nd4 20. Kb1 Qb6 21. h4 a5 22. h5 Ne6 23. Be3 a4 24. hxg6 hxg6 25. Bh6 a3 26. Bxg7 Kxg7 27. Qd3 axb2 28. Bxe6 fxe6 29. Qh3 Rh8 30. Qxe6 Rde8 31. Qd7+ Kf6 32. Rdf1+ Kg5 33. Nf3+ Kf4 34. Qf7+ Ke3 35. Re1+ Kf2 36. Ng5+ Kg2 37. Qf3# 1-0

[Event "British Rapidplay"]
[Site "Peterborough"]
[Date "2025.03.01"]
[Round "6.38"]
[White "Norris, Zack"]
[Black "Mylovanov, Volodymyr"]
[Result "0-1"]
[WhiteElo "1929"]
[BlackElo "1821"]
[PlyCount "84"]
[EventDate "2025.03.01"]
[EventType "swiss (rapid)"]
[EventRounds "11"]
[EventCountry "ENG"]
[SourceTitle "BritBase"]
[Source "John Saunders"]
[SourceDate "2025.03.03"]
[SourceVersion "1"]
[SourceVersionDate "2025.03.03"]
[SourceQuality "2"]

1. c4 c5 2. Nc3 Nc6 3. g3 g6 4. Bg2 Bg7 5. e3 Nf6 6. Nge2 O-O 7. h4 h5 8. O-O Rb8 9. d4 cxd4 10. exd4 d6 11. a3 Bg4 12. Bg5 Qc8 13. Kh2 Re8 14. Qd2 a6 15. b4 Kh7 16. Rac1 Nd8 17. Ne4 Nxe4 18. Bxe4 Ne6 19. Be3 Nf8 20. c5 dxc5 21. bxc5 Rd8 22. d5 Bf5 23. Bg2 Qc7 24. Nd4 Rbc8 25. Nxf5 gxf5 26. Qe2 Kg6 27. Bf3 Be5 28. Bxh5+ Kg7 29. Qd2 Ng6 30. f4 Bf6 31. Bd4 Rh8 32. Bxf6+ exf6 33. Bxg6 fxg6 34. Rfe1 Rce8 35. Qd4 Qa5 36. Rxe8 Rxe8 37. d6 Re2+ 38. Kh3 Qxa3 39. Rb1 Qf3 40. Rxb7+ Kh6 41. Rh7+ Kxh7 42. d7 Qg4# 0-1

[Event "British Rapidplay"]
[Site "Peterborough"]
[Date "2025.03.01"]
[Round "6.39"]
[White "Kennedy, Aden"]
[Black "Ganti, Shriaansh"]
[Result "0-1"]
[WhiteElo "1913"]
[BlackElo "1980"]
[PlyCount "108"]
[EventDate "2025.03.01"]
[EventType "swiss (rapid)"]
[EventRounds "11"]
[EventCountry "ENG"]
[SourceTitle "BritBase"]
[Source "John Saunders"]
[SourceDate "2025.03.03"]
[SourceVersion "1"]
[SourceVersionDate "2025.03.03"]
[SourceQuality "2"]

1. e4 c5 2. Nf3 Nc6 3. d4 cxd4 4. Nxd4 Nf6 5. f3 e5 6. Nb5 d6 7. c4 a6 8. N5c3 Be7 9. Be3 O-O 10. Be2 Be6 11. O-O Ne8 12. Na3 f5 13. Qd2 f4 14. Bf2 Bh4 15. Nc2 Bxf2+ 16. Rxf2 Rf6 17. Nd5 Rh6 18. g3 Rg6 19. g4 h5 20. h3 Qh4 21. Bf1 hxg4 22. hxg4 Rh6 23. Bg2 Qh2+ 24. Kf1 b5 25. b3 bxc4 26. bxc4 Rb8 27. Ke2 Rb2 28. Rh1 Qxh1 29. Bxh1 Rxc2 30. Ne7+ Kf7 31. Nxc6 Rxd2+ 32. Kxd2 Rxh1 33. Nd8+ Ke7 34. Nc6+ Kd7 35. Nb8+ Kc7 36. Nxa6+ Kb6 37. Nb4 Bxc4 38. Kc3 Rc1+ 39. Kb2 Rg1 40. Rc2 Kb5 41. a3 Re1 42. Rc3 Re3 43. Rc1 Rxf3 44. Nc2 Nf6 45. Ne1 Rb3+ 46. Kc2 Rxa3 47. Rb1+ Kc5 48. Rb7 Nxe4 49. Rc7+ Kd4 50. Rxg7 Ra2+ 51. Kb1 Nd2+ 52. Kc1 Kc3 53. Nc2 Nb3+ 54. Kb1 Rb2# 0-1